000 00250nam a2200109Ia 4500
008 220204s9999 xx 000 0 und d
082 _a82-3
_bSHE
100 _aSheldon, Sidney
245 0 _aBloodline
260 _aNew York
_bWarner
_c1979
942 _cBK
999 _c28567
_d28567